Descubrir valores jugando: una alternativa para descubrir que el valor es un saber que aprendemos en el ejercicio de la vida
Guardat en:
| Autor principal: | |
|---|---|
| Format: | Llibre |
| Idioma: | espanyol |
| Publicat: |
Buenos Aires
Bonum
2009
|
| Edició: | 7a. ed |
| Matèries: | |
| Etiquetes: |
Afegir etiqueta
Sense etiquetes, Sigues el primer a etiquetar aquest registre!
|
MARC
| LEADER | 00000cam a2200000 a 4500 | ||
|---|---|---|---|
| 001 | UCE1596 | ||
| 003 | CL-VaPUC | ||
| 008 | 140502e20090300ag |||||||||||||||||spa|d | ||
| 020 | |a 9789505076017 | ||
| 082 | 0 | 4 | |a 790.1 |b GAM |2 21 |
| 100 | |a Gamboa de Vitelleschi, Susana |e author |9 573931 | ||
| 245 | 1 | 0 | |a Descubrir valores jugando: una alternativa para descubrir que el valor es un saber que aprendemos en el ejercicio de la vida |
| 250 | |a 7a. ed | ||
| 300 | |a 192 p | ||
| 942 | |c BK | ||
| 945 | |d 20140502 10:02:00 |a dcastane | ||
| 260 | |a Buenos Aires |b Bonum |c 2009 | ||
| 650 | 7 | |a JUEGOS DIDACTICOS |2 CL-VaPUC |9 372975 | |
| 650 | 0 | |a Juegos educativos |9 307366 | |
| 650 | 0 | |a Valores morales |9 310604 | |
| 650 | 0 | |a Educación moral |9 308319 | |
| 583 | |a last modification |c 20170828 11:31:42 |k Rodrigo Vera | ||
| 999 | |c 355337 |d 355335 | ||
| 952 | |0 0 |1 0 |3 erb |4 0 |6 790_100000000000000_GAM_2009 |7 0 |8 A |9 462016 |a BIBTEO |b BIBTEO |i 5071453 |o 790.1 GAM 2009 |p 5071453 |r 2025-01-17 |w 2019-11-23 |y BK |z Catalogado en:20140502 |k ICR | ||